| 000 | 01367cam a22002533a 4500 | ||
|---|---|---|---|
| 001 | 6570 | ||
| 003 | PGUSA | ||
| 005 | 20140828083134.0 | ||
| 008 | 040901s2004||||xxu|||||s|||||000 e eng d | ||
| 040 |
_aPGUSA _beng |
||
| 042 | _adc | ||
| 050 | 4 | _aAC | |
| 050 | 4 | _aPS | |
| 100 | 1 |
_aSmith, Goldwin, _d1823-1910 |
|
| 245 | 1 | 0 |
_aLectures and Essays _h[electronic resource] / _cGoldwin Smith |
| 260 |
_bProject Gutenberg, _c2004 |
||
| 505 | 0 | _aThe greatness of the Romans -- The greatness of England -- The great duel of the seventeenth century -- The lamps of fiction; a speech on the centenary of the birth of Sir Walter Scott -- An address to the Oxford school of science and art -- The ascent of man -- The proposed substitutes for religion -- The labour movement -- What is culpable luxury? -- A true captain of industry [Mr. Brassey] -- A wirepuller of kings [Baron Stockmar] -- The early years of the conqueror of Quebec -- Falkland and the Puritans -- The early years of Abraham Lincoln -- Alfredus Rex Fundator -- The last republicans of Rome -- Austen-Leigh's memoir of Jane Austen -- Pattison's Milton -- Coleridge's life of Keble. | |
| 506 | _aPublic domain in the USA. | ||
| 516 | _aElectronic text | ||
| 653 | _aCanadian essays -- 19th century | ||
| 830 | 0 |
_aProject Gutenberg _v6570 |
|
| 856 | 4 | 0 | _uhttp://www.gutenberg.org/ebooks/6570 |
| 942 | _cEB | ||
| 999 |
_c235890 _d235890 |
||